000 00270nam a2200109Ia 4500
001 1276029
005 20260417160439.0
008 260417s9999 xx 000 0 und d
020 _a9786256999589
245 0 _aAğaçkakanlar
_cCahit Zarifoğlu
260 _bKetebe Çocuk
999 _c1276029
_d1276029